Communes du Vaucluse (84) de plus de 10000 habitants - Statistiques

Statistiques générales
  • Ce quiz a été pris 82 fois
  • Le résultat moyen est 9 sur 13
Statistiques - réponses
Habitants Communes % Correct
91760 (préfecture) Avignon
100%
30854 Carpentras
93%
29357 Orange
91%
25890 Cavaillon
85%
10297 Apt
81%
17985 Le Pontet
69%
19030 Sorgues
69%
20315 L'Isle-sur-la-Sorgue
65%
19764 Pertuis
65%
13871 Bollène
63%
11799 Vedène
48%
13159 Monteux
44%
10433 Pernes-les-Fontaines
35%
Aucun quiz correspondant
Distribution des résultats
% des personnes avec chaque résultat
Percentile par nombre de réponses
Votre historique - résultats
Vous n’avez pas pris ce quiz